| 000 | 007460000a22002170004500 | ||
|---|---|---|---|
| 005 | 20081031104438.0 | ||
| 008 | 081031t xxu||||| |||| 00| 0 eng d | ||
| 010 | _aENG-84353 | ||
| 020 | _a8178802201 | ||
| 020 | _c650.00 (hb) | ||
| 035 | _aEN-67886 | ||
| 082 | _a371.2 / RAM | ||
| 100 | _aRamanna, R K | ||
| 245 |
_aIssues in educational administration / _cby R K Ramanna |
||
| 260 |
_aNew Delhi _bRajat Publications |
||
| 260 | _c2006 | ||
| 300 |
_a254p _c22cm |
||
| 500 | _aIncludes bibliographical references and index | ||
| 942 |
_2ddc _cEN _h371.2 _mRAM |
||
| 999 |
_c17687 _d17687 |
||